Statistics for Geography of the Balkan Peninsula

Click here to take the quiz!

General Stats

  • This quiz has been taken 50 times
  • The average score is 8 of 18

Answers on the Map

Answers color-coded by a green-red scale on the quiz's map according to % correct below.
 

Answer Stats

CategoryAnswer% Correct
RiversDanube
93%
SeasAdriatic
76%
SeasAegean
71%
Mountain RangesBalkan
69%
SeasBlack
69%
SeasIonian
62%
SeasMediterranean
60%
RiversSava
60%
Mountain RangesDinaric
42%
LakesOhrid
42%
MountainsOlympus
42%
RiversBosna
18%
MountainsMusala
13%
LakesPrespa
13%
MountainsVihren
11%
Mountain RangesPindus
7%
MountainsKutelo
4%
LakesShkodra
4%

Score Distribution

Percentile by Number Answered

Percent of People with Each Score

Your Score History

You have not taken this quiz